000 02110nam a22002417a 4500
003 ES-MaBCM
005 20250925102459.0
008 250925s2013 sp |||||s|||| 00| 0 spa d
040 _cES-MaBCM
245 0 0 _aMemorias en conflicto :
_baspectos de la violencia política contemporánea
_cRaynald Belay, Jorge Bracamonte, Carlos Iván Degregori, Jean Joinville Vacher, (ed.)
_h[Recurso electrónico]
260 _aLima
_b : Institut français d’études andines
_b : Ambassade de France au Pérou
_b : Instituto de estudios peruanos
_b : Red para el Desarrollo de las Ciencias Sociales en el Perú
_c , 2013
300 _a349 p.
490 _aTravaux de l'IFEA
_v180
520 _aCon frecuencia el fenómeno de la violencia política se pretende explicar a partir de metáforas naturalistas o teológicas que remiten a una barbarie atávica, o a la figura fantasmal de una voluntad perversa sin causas ni historia, que emerge como la representación absoluta del mal. A contracorriente de esta visión simplificadora, los textos reunidos en el presente volumen ofrecen, desde una diversidad de contextos y de enfoques analíticos, una serie de miradas que nos aproxima a la lógica compleja y perturbadora de las sociedades marcadas por la violencia, enfrentando el reto de analizar el proceso violento, de entender su surgimiento histórico, y de reflexionar sobre una necesaria superación de sus huellas. Contando con la participación de destacados especialistas, en su mayoría peruanos y franceses, y gracias a un esfuerzo multidisciplinario en el que converge la filosofía, el derecho, la sociología y la estética, este libro presenta un aporte sustancial y estimulante que nos invita a pensar de nuevo el trágico auge de la violencia política en el mundo contemporáneo.
650 7 _aViolencia política
650 7 _aViolencia
650 7 _aConflicto social
650 7 _aMemoria colectiva
650 0 _aJusticia reparadora
856 _uhttps://books.openedition.org/ifea/536#anchor-resume
_yAcceso al documento
942 _cLE
999 _c231411
_d231411